Tattoo my Body with ... Entertainment Quiz Stats

 Plays Quiz Updated Dec 16, 2014

Challenge
Share
Tweet
Score 0/25 Timer 05:00
2 Plays Today
% Correct
Mickey Mouse
99.7%
Winnie the Pooh
98.7%
SpongeBob SquarePants
97.9%
Popeye
97.9%
Spider-Man
97.8%
Batman
97.5%
Tinkerbell
97%
Pink Panther
96.8%
Superman
95.9%
Scooby-Doo
95.9%
Garfield
95%
The Grinch
94.8%
Betty Boop
94.2%
% Correct
Hello Kitty
94%
Yogi Bear
92.7%
Tasmanian Devil
92.2%
Charlie Brown
91.4%
Sylvester Jr.
87.5%
Woody Woodpecker
84.6%
Beavis
82.3%
Pebbles Flintstone
80.9%
Mighty Mouse
80.2%
Scrooge McDuck
77.6%
Eric Cartman
76.6%
Tommy Pickles
64.2%

You're not logged in!

Compare scores with friends on all Sporcle quizzes.
OR
Log In

You Might Also Like...

Show Comments

Extras

Top Quizzes Today


Score Distribution

Your Account Isn't Verified!

In order to create a playlist on Sporcle, you need to verify the email address you used during registration. Go to your Sporcle Settings to finish the process.

Report this User

Report this user for behavior that violates our Community Guidelines.

Details: